| 000 | aam a22 a 4500 | ||
|---|---|---|---|
| 999 |
_c703 _d703 |
||
| 003 | AKMAL | ||
| 005 | 20170504155959.0 | ||
| 008 | 170504s2006 my g o000 0 may d | ||
| 020 |
_a9834255322 _qpaperback |
||
| 040 | _aAKMAL | ||
| 082 | 0 | 4 |
_a158.35 KAM _222 |
| 090 |
_a158.35 _bKAM |
||
| 100 | 0 |
_aKamaruzzaman Jalaludin, _d1955-, _eauthor. _91499 |
|
| 245 | 1 | 0 |
_aPROSES KELOMPOK TEORI KAUNSELING BINA JIWA / _cDR KAMARUZZAMAN BIN JALALUDIN |
| 264 | 1 |
_aKangar, Perlis : _bDr Kamaruzzaman bin Jalaludin, _c2006 |
|
| 300 |
_a170 pages ; _c23 cm |
||
| 504 | _aBibliography: pages 146-169 | ||
| 650 | 2 | 0 |
_aCounseling _91027 |
| 650 | 1 | 0 |
_aGroup counseling _91430 |
| 650 | 2 | 0 |
_aGovernment publications _zMalaysia _91500 |
| 942 |
_2ddc _cBOOK |
||